000 00690nam a2200289Ia 4500
005 20260324115253.0
008 008 260324s9999 xx 000 0 eng d
020 _a9781315363936
037 _aEBOOK
040 _aCRL
040 _beng
040 _cCRL
041 _2eng
041 _aeng
084 _qCRL
100 _aMel Lim
_91154023
245 0 _aTurtle Design in a Rabbit Age
245 0 _bMindfully Crafting Your Meaningful Life & Brands
260 _bTaylor and Francis
260 _c2018
365 _a
365 _b290
856 _uhttp://www.taylorfrancis.com/books/9781315363936
942 _cEBOOK
999 _c1744779
_d1744779